00305nam a22001097a 4500008004100000020001500041082001700056245004300073260004100116300001900157700001900176220610b |||||||| |||| 00| 0 eng d a9985782186 a398 RUN 2001 aRethinking ethnology and folkloristics aTartu : bTartu NEFA Rühm, c2001. a265 p.c21 cm. aRunnel, Pille